Estadísticas para Ganadores de la Supercopa de Francia

Haz click aquí para intentar la prueba.

Estadísticas generales

  • Esta prueba ha sido intentada 24 veces
  • La puntuación promedio es 38 de 48

Estadísticas de respuestas

TemporadaCampeón% Correcto
2012Olympique de Lyon
100%
2002Olympique de Lyon
100%
1973Olympique de Lyon
100%
2003Olympique de Lyon
100%
2004Olympique de Lyon
100%
2005Olympique de Lyon
100%
2006Olympique de Lyon
100%
2007Olympique de Lyon
100%
2023Paris Saint-Germain
100%
2013Paris Saint-Germain
100%
1995Paris Saint-Germain
100%
2014Paris Saint-Germain
100%
2015Paris Saint-Germain
100%
2016Paris Saint-Germain
100%
2017Paris Saint-Germain
100%
2018Paris Saint-Germain
100%
2019Paris Saint-Germain
100%
2020Paris Saint-Germain
100%
2022Paris Saint-Germain
100%
1998Paris Saint-Germain
100%
2000AS Mónaco
91%
1997AS Mónaco
91%
1961AS Mónaco
91%
1985AS Mónaco
91%
2021Lille OSC
91%
1971Olympique de Marsella
87%
2011Olympique de Marsella
87%
2010Olympique de Marsella
87%
1965FC Nantes
65%
1999FC Nantes
65%
2001FC Nantes
65%
1957AS Saint-Étienne
61%
1969AS Saint-Étienne
61%
1968AS Saint-Étienne
61%
1967AS Saint-Étienne
61%
1962AS Saint-Étienne
61%
1955Stade Reims
61%
1958Stade Reims
61%
1960Stade Reims
61%
1966Stade Reims
61%
1986Girondins de Bordeaux
57%
2009Girondins de Bordeaux
57%
2008Girondins de Bordeaux
57%
1970OGC Niza
39%
1971Stade Rennais
35%
1959Havre Athletic
26%
1972SC Bastia
17%
1956CS Sedan
9%

Distribución de puntuación

Porcentaje por número respondido

Porcentaje de gente con cada puntuación

Historial de tus puntuaciones

No has intentado esta prueba.